Henry Vaughan : (Record no. 40931)

MARC details
000 -LEADER
fixed length control field 00602nam a22001577a 4500
008 - FIXED-LENGTH DATA ELEMENTS--GENERAL INFORMATION
fixed length control field 120611t xxu||||| |||| 00| 0 eng d
050 ## - LIBRARY OF CONGRESS CALL NUMBER
Item number .1963
100 ## - MAIN ENTRY--PERSONAL NAME
Personal name Vaughan, Henry,
245 ## - TITLE STATEMENT
Title Henry Vaughan :
Remainder of title poetry and selected prose /
Statement of responsibility, etc ed. with an introd. by L.C. Marti
260 ## - PUBLICATION, DISTRIBUTION, ETC. (IMPRINT)
Place of publication, distribution, etc London :
Name of publisher, distributor, etc Oxford University Press,
Date of publication, distribution, etc 1963.
300 ## - PHYSICAL DESCRIPTION
Extent xviii, 469 p. ;
440 ## - SERIES STATEMENT/ADDED ENTRY--TITLE
Title Oxford standard authors.
700 ## - ADDED ENTRY--PERSONAL NAME
Personal name Martin,L.C.
942 ## - ADDED ENTRY ELEMENTS (KOHA)
Source of classification or shelving scheme Library of Congress Classification
Item type Book
Holdings
Withdrawn status Lost status Source of classification or shelving scheme Damaged status Not for loan Collection code Home library Current library Shelving location Date acquired Source of acquisition Total Checkouts Full call number Barcode Copy number Price effective from Koha item type
    Library of Congress Classification     Non-fiction Bishop Okullu Memorial Library (Limuru Campus) Bishop Okullu Memorial Library (Limuru Campus) General Circulation 11/06/2012 donation   PR 3740 .V38 1963 031846 1 11/06/2012 Book